000 00259nam a22001217a 4500
008 181030b xxu||||| |||| 00| 0 eng d
041 _aeng
080 _a611
100 _a6
101 _aANA
245 _aHuman Physiology
_cLippold, O.C.J
942 _2udc
_cBK
999 _c51192
_d51192